مخز ن علم و عر فا ن کلا م شيخ ا لعا لم (Record no. 93327)
[ view plain ]
| 000 -LEADER | |
|---|---|
| fixed length control field | 00754nam a22002177a 4500 |
| 005 - DATE AND TIME OF LATEST TRANSACTION | |
| control field | 20150505161549.0 |
| 008 - FIXED-LENGTH DATA ELEMENTS--GENERAL INFORMATION | |
| fixed length control field | 140714b xxu||||| |||| 00| 0 Urdu d |
| 010 ## - LCCN (DPL NO) | |
| LC control number | UR-8848 |
| 020 ## - INTERNATIONAL STANDARD BOOK NUMBER | |
| Terms of availability | 1295.00 |
| International Standard Book Number | 9788179760239 |
| 035 ## - SYSTEM CONTROL NUMBER | |
| System control number | U-7403 |
| 037 ## - SOURCE OF ACQUISITION | |
| Source of stock number/acquisition | BPPD/Pub/Ven |
| 040 ## - CATALOGING SOURCE | |
| Original cataloging agency | DPL |
| Language of cataloging | Urdu |
| 082 ## - DEWEY DECIMAL CLASSIFICATION NUMBER | |
| Classification number | 841 |
| 100 ## - MAIN ENTRY--PERSONAL NAME | |
| Personal name | عبد الخا لق طا ہر ی |
| 245 ## - TITLE STATEMENT | |
| Title | مخز ن علم و عر فا ن کلا م شيخ ا لعا لم |
| Statement of responsibility, etc | عبد الخا لق طا ہر ی |
| 246 ## - VARYING FORM OF TITLE | |
| Title proper/short title | Makhzan-e-Ilm wa Irfan: Kalam Sheikh-ul-Aalam |
| Remainder of title | byAbdul Khaliqe Tahiri |
| 260 ## - PUBLICATION, DISTRIBUTION, ETC. (IMPRINT) | |
| Name of publisher, distributor, etc | City Book Center |
| Date of publication, distribution, etc | 2011 |
| Place of publication, distribution, etc | Kashmir |
| 270 ## - ADDRESS | |
| Address | Budh Shah Chowk, |
| City | Sri Nagar |
| Telephone number | 2470158 |
| Postal code | - |
| 300 ## - PHYSICAL DESCRIPTION | |
| Extent | 400ص |
| Dimensions | 22Cm (Hb) |
| 942 ## - ADDED ENTRY ELEMENTS (KOHA) | |
| Source of classification or shelving scheme | Dewey Decimal Classification |
| Item type | Urdu Bks |
| Edition | |
| Classification part | 841 |
| Call number suffix | ع ب د |
| Withdrawn status | Lost status | Source of classification or shelving scheme | Damaged status | Not for loan | Collection code | Home library | Current library | Date acquired | Source of acquisition | Cost, normal purchase price | Total Checkouts | Full call number | Barcode | Date last seen | Copy number | Cost, replacement price | Koha item type |
|---|---|---|---|---|---|---|---|---|---|---|---|---|---|---|---|---|---|
| Dewey Decimal Classification | Not For Loan | Non-fiction | D.B.Act.Division | D.B.Act.Division | 05/05/2015 | DBAD/Pub. | 1295.00 | 841 ع ب د | U-7403 | 05/05/2015 | 100.00 | 1295.00 | Urdu Bks |
